[Event "Challenge"]
[Site "http://www.queenalice.com/game.php?id=589912"]
[Date "2009.5.17"]
[Round "-"]
[White "gutti_metal"]
[Black "viki"]
[Result "0-1"]
[WhiteElo "1045"]
[BlackElo "1823"]

1. e4 e5 2. Nf3 Nc6 3. Bc4 Bc5 4. d3 Nf6 5. Bg5 d6 6. h3 Be6 7. Bb5 O-O 8. O-O
h6 9. Bxf6 Qxf6 10. Nc3 Qg6 0-1

[Event "hacamarguinho"]
[Site "http://www.queenalice.com/game.php?id=600459"]
[Date "2009.6.8"]
[Round "3"]
[White "viki"]
[Black "Poirot"]
[Result "1-0"]
[WhiteElo "1846"]
[BlackElo "1837"]

1. e4 e5 2. d4 exd4 3. Qxd4 Nc6 4. Qe3 Nf6 5. Nc3 Bb4 6. Bd2 O-O 7. O-O-O Re8 8.
Bc4 b6 9. f3 d5 10. Nxd5 Nxd5 11. Bxd5 Bxd2+ 12. Rxd2 Qd6 13. Bxf7+ Kxf7 14.
Rxd6 cxd6 15. Qf4+ Kg8 16. Qxd6 Ne7 17. Ne2 Ba6 18. Nc3 Rad8 19. Qc7 Rd2 20.
Qxa7 Bc8 21. Qxb6 Rxg2 22. Qb3+ Kh8 23. Qf7 Bd7 24. Nd5 Nxd5 25. Qxd7 Nf6 26.
Qf7 Ra8 27. h4 Rc8 28. c3 Rd8 29. Qb3 Rdd2 30. Rd1 Rc2+ 31. Qxc2 Rxc2+ 32. Kxc2
h5 33. b4 g6 34. b5 Ne8 35. Rd8 g5 36. Rxe8+ 1-0

[Event "Challenge"]
[Site "http://www.queenalice.com/game.php?id=614681"]
[Date "2009.7.7"]
[Round "-"]
[White "viki"]
[Black "francky78"]
[Result "1-0"]
[WhiteElo "1869"]
[BlackElo "1718"]

1. e4 c5 2. Nf3 a6 3. d4 e6 4. Nc3 Be7 5. Be3 b6 6. Be2 Bb7 7. O-O d6 8. d5 e5
9. Qd2 Nf6 10. Bg5 Nbd7 11. Rfe1 O-O 12. Nh4 g6 13. Bh6 Re8 14. Qe3 Kh8 15. Qg3
Rg8 16. f4 Ne8 17. Nf3 f6 18. fxe5 Nxe5 19. Nxe5 dxe5 20. Rad1 Bd6 21. Rf1 Bc8
22. Bg4 Bxg4 23. Qxg4 Qe7 24. Rf3 Ng7 25. Rdf1 Raf8 26. Qh4 Rf7 27. Rxf6 Rxf6
28. Rxf6 Nh5 29. Bg5 Qd7 30. Rf1 Rf8 31. Rxf8+ Bxf8 32. Bf6+ Kg8 33. Bxe5 Bg7
34. Bxg7 Kxg7 35. Qf2 Qd6 36. Qe3 a5 37. e5 Qf8 38. e6 Qd6 39. e7 Nf6 40. e8=N+
Nxe8 41. Qxe8 Qf6 42. Qe6 Qd4+ 43. Kf1 Qf4+ 44. Ke2 Qxh2 45. Qe7+ 1-0

[Event "Challenge"]
[Site "http://www.queenalice.com/game.php?id=617320"]
[Date "2009.7.12"]
[Round "-"]
[White "degrau"]
[Black "viki"]
[Result "1/2-1/2"]
[WhiteElo "1858"]
[BlackElo "1859"]

1. d4 d5 2. Bf4 Nf6 3. Nc3 e6 4. a3 Bd6 5. Bg5 O-O 6. e3 Nc6 7. Nb5 h6 8. Bh4 a6
9. Nxd6 cxd6 10. Be2 b5 11. c3 e5 12. b4 Bf5 13. a4 Qb6 14. Bxf6 gxf6 15. Bg4
Bg6 16. h4 Rfe8 17. Bd7 Re7 18. Bxc6 Qxc6 19. Ra3 Rc7 20. axb5 axb5 21. Rxa8+
Qxa8 22. Ne2 Bh5 23. O-O Bxe2 24. Qxe2 Qb8 25. Rc1 Rc4 26. Qg4+ Kf8 27. Qd7 Qc7
28. Qxb5 Rxc3 29. Rxc3 Qxc3 30. Qxd5 Qxb4 31. g3 Kg7 32. Qe4 Qa4 33. Qg4+ Kh7
34. Qf5+ Kg7 35. dxe5 dxe5 36. Kg2 Qc6+ 37. Kh2 Qe6 38. Qh5 f5 39. Qe2 Kg6 40.
Qf3 Qc4 41. Kg2 f6 42. Qa8 Qe4+ 43. Qxe4 fxe4 44. f3 exf3+ 45. Kxf3 f5 46. Kg2
e4 1/2-1/2

[Event "Challenge"]
[Site "http://www.queenalice.com/game.php?id=617321"]
[Date "2009.7.12"]
[Round "-"]
[White "viki"]
[Black "degrau"]
[Result "1/2-1/2"]
[WhiteElo "1859"]
[BlackElo "1891"]

1. e4 d5 2. exd5 Qxd5 3. Nc3 Qd8 4. d4 Bf5 5. Bc4 e6 6. Nf3 a6 7. O-O Bb4 8. Bd2
c6 9. Re1 Bg4 10. h3 Bxf3 11. Qxf3 Qxd4 12. Bd3 Qd7 13. a3 Ba5 14. Rad1 Nf6 15.
b4 Bc7 16. Bg5 Qe7 17. Ne4 Nbd7 18. Nxf6+ Nxf6 19. Bxf6 Qxf6 20. Qxf6 gxf6 21.
Re4 O-O-O 22. Rg4 Be5 23. Rg7 Rd7 24. Be2 Rc7 25. Bh5 Bb2 26. Rxf7 Rxf7 27. Bxf7
e5 28. Be6+ Kb8 29. Rd3 h6 30. Rf3 e4 31. Re3 Rd8 32. Bf5 Be5 33. Re1 Bb2 34.
Rxe4 Bxa3 35. g4 Rd2 36. Kg2 Ka7 37. Rf4 Bb2 38. Bd3 Be5 39. Rf5 Bc3 40. Rf4 Be5
41. Re4 Rd1 42. f4 Bc3 43. Kg3 Rb1 44. Re7 Rxb4 45. Rh7 Bd2 46. f5 a5 47. Rf7
Bc3 48. Rh7 Bd2 49. Rf7 Bc3 50. Rh7 Bd2 1/2-1/2

[Event "AUTO-ADV-1165"]
[Site "http://www.queenalice.com/game.php?id=617371"]
[Date "2009.7.12"]
[Round "2"]
[White "wilfried"]
[Black "viki"]
[Result "1-0"]
[WhiteElo "2112"]
[BlackElo "1862"]

1. d4 d5 2. c4 Nf6 3. cxd5 Qxd5 4. Nc3 Qa5 5. Bd2 Qb6 6. Nf3 Qxb2 7. Rb1 Qa3 8.
Nb5 Qxa2 9. Nxc7+ Kd8 10. Nxa8 Nc6 11. e3 Ne4 12. Bd3 Bf5 13. Rxb7 Nxf2 14. Bxf5
e6 15. Kxf2 exf5 16. Qc1 Qa6 17. Rb8+ Kd7 18. Ne5+ Nxe5 19. Qc7+ Ke6 20. Qxe5+
Kd7 21. Qe8+ Kd6 22. Rd8# 1-0

[Event "AUTO-ADV-1165"]
[Site "http://www.queenalice.com/game.php?id=617372"]
[Date "2009.7.12"]
[Round "2"]
[White "viki"]
[Black "wilfried"]
[Result "0-1"]
[WhiteElo "1860"]
[BlackElo "2116"]

1. e4 c5 2. Nf3 Nc6 3. d4 cxd4 4. Nxd4 Nf6 5. Nc3 d6 6. Bg5 Bd7 7. Bb5 e6 8. O-O
Be7 9. Be3 O-O 10. a4 a6 11. Be2 Rc8 12. Qd2 Qc7 13. Nb3 Ne5 14. Bd4 Nc4 15.
Bxc4 Qxc4 16. e5 dxe5 17. Bxe5 Rfd8 18. Qe3 Ng4 19. Qg3 Nxe5 20. Qxe5 Bf6 21.
Qh5 Bxc3 22. bxc3 Qxc3 23. Qa5 Qxc2 24. Qb4 Qc4 25. Qxc4 Rxc4 26. a5 Ba4 27.
Rab1 Rd5 28. Na1 Rc7 29. Rfc1 Rxc1+ 30. Rxc1 Kf8 31. f3 Rxa5 32. Rc8+ Ke7 33.
Rc7+ Kf6 34. Rxb7 Rb5 35. Rxb5 axb5 36. Kf2 b4 37. Ke3 b3 38. Nxb3 Bxb3 39. Kf4
g5+ 40. Ke4 Bd5+ 41. Ke3 g4 42. Kf2 gxf3 43. gxf3 Kg5 44. Kg3 e5 45. h3 h5 46.
h4+ Kf5 0-1

[Event "hacamarguinho"]
[Site "http://www.queenalice.com/game.php?id=627627"]
[Date "2009.7.30"]
[Round "4"]
[White "Mr_SPOCK"]
[Black "viki"]
[Result "0-1"]
[WhiteElo "1540"]
[BlackElo "1856"]

1. e4 e5 2. Qh5 Nc6 3. Bc4 Qe7 4. d3 Nf6 5. Qf3 d6 6. Bg5 Bg4 7. Bxf6 Bxf3 8.
Bxe7 Bxg2 9. Nd2 Bxe7 10. Bxf7+ Kxf7 11. O-O-O Bxh1 12. Nh3 Bg2 13. Ng1 Rhf8 14.
Ne2 Kg8 15. Rg1 Bh3 16. Rg3 Rxf2 17. Rxh3 Rxe2 18. c4 Bg5 19. Kc2 Rxd2+ 20. Kc3
Nd4 21. Kb4 Rxb2+ 22. Ka5 Rxa2+ 23. Kb4 c5+ 24. Kc3 Rc2# 0-1

[Event "Challenge"]
[Site "http://www.queenalice.com/game.php?id=643987"]
[Date "2009.8.29"]
[Round "-"]
[White "aureliano"]
[Black "viki"]
[Result "0-1"]
[WhiteElo "1323"]
[BlackElo "1854"]

1. e4 d5 2. Nc3 d4 3. Nd5 c6 4. Nf4 e5 5. Nfe2 Nf6 6. d3 Bd6 7. a3 Nbd7 8. b4
O-O 9. Nf3 b6 10. Ng3 c5 11. Be2 cxb4 12. O-O Qe7 13. Nf5 Qd8 14. a4 a5 15. N3h4
Nc5 16. Bg4 Nxg4 17. Qxg4 Bxf5 18. exf5 Nd7 19. Bh6 g5 0-1

[Event "Challenge"]
[Site "http://www.queenalice.com/game.php?id=643988"]
[Date "2009.8.29"]
[Round "-"]
[White "viki"]
[Black "aureliano"]
[Result "1-0"]
[WhiteElo "1854"]
[BlackElo "1428"]

1. e4 d5 2. exd5 Qxd5 3. Nc3 Qe5+ 4. Be2 Bf5 5. Nf3 Qf6 6. d4 Nd7 7. Bg5 Qd6 8.
Qd2 h6 9. Bf4 Qb6 10. Nb5 Rc8 11. c4 e6 12. c5 Bxc5 13. dxc5 Nxc5 14. Rd1 c6 15.
Nd6+ Kd8 16. Nc4+ Nd7 17. Nxb6 axb6 18. Qxd7# 1-0

[Event "Challenge"]
[Site "http://www.queenalice.com/game.php?id=655505"]
[Date "2009.9.20"]
[Round "-"]
[White "viki"]
[Black "thedead"]
[Result "1-0"]
[WhiteElo "1856"]
[BlackElo "1520"]

1. e4 e5 2. d4 exd4 3. Qxd4 Nc6 4. Qe3 Nf6 5. Nc3 d6 6. Nf3 Be7 7. Bb5 Bd7 8.
O-O O-O 9. Re1 Re8 10. Nd5 a6 11. Bc4 Bf8 12. Ng5 h6 13. Nxf6+ Qxf6 14. Bxf7+
1-0

[Event "AUTO-INT-1091"]
[Site "http://www.queenalice.com/game.php?id=684926"]
[Date "2009.11.17"]
[Round "2"]
[White "TomTheKing"]
[Black "viki"]
[Result "0-1"]
[WhiteElo "1545"]
[BlackElo "1896"]

1. e4 e5 2. Nc3 Nf6 3. d3 d5 4. Bg5 d4 5. Bxf6 Qxf6 6. Nd5 Qd6 7. Qd2 c6 8. Nb4
Qxb4 9. c3 dxc3 10. Qxc3 Qxc3+ 11. bxc3 Bc5 12. Nf3 Nd7 13. Rd1 O-O 14. d4 exd4
15. Nxd4 Nf6 16. Bd3 Re8 17. O-O Nxe4 18. Rde1 Bxd4 19. Bxe4 Bxc3 20. Re2 Bf5
21. f3 Re6 22. g4 Bg6 23. Rc1 Bd4+ 24. Kg2 Rae8 25. Rd1 c5 26. Rb1 b6 27. h4
Bxe4 28. fxe4 Rxe4 29. Rd2 Re2+ 30. Rxe2 Rxe2+ 31. Kf3 Rxa2 32. Ke4 Rg2 33. Kf3
Rf2+ 34. Ke4 f6 35. Kd5 Rf4 36. Re1 Be5 37. Kc6 Rxg4 38. Ra1 Rxh4 39. Rxa7 Rb4
40. Rb7 c4 41. Rxb6 Rxb6+ 42. Kxb6 c3 43. Kc6 c2 44. Kd7 c1=Q 45. Ke8 Qc6+ 46.
Ke7 f5 47. Kd8 Bf6# 0-1

[Event "AUTO-INT-1091"]
[Site "http://www.queenalice.com/game.php?id=684927"]
[Date "2009.11.17"]
[Round "2"]
[White "viki"]
[Black "TomTheKing"]
[Result "1-0"]
[WhiteElo "1894"]
[BlackElo "1547"]

1. e4 e5 2. Nf3 Nc6 3. Bc4 Nh6 4. d3 Qf6 5. Nc3 Bb4 6. Bd2 Ng4 7. h3 Nd4 8. hxg4
d6 9. Nd5 Qd8 10. Bxb4 a5 11. Bd2 Bxg4 12. c3 c6 13. Ne3 b5 14. Bxf7+ Kxf7 15.
Nxg4 h5 16. Ngh2 Ne6 17. Qc1 Qf6 18. Bg5 Qg6 19. Nf1 Raf8 20. Ng3 Ke8 21. Be3
Nf4 22. Bxf4 exf4 23. Nf5 Qxg2 24. Ke2 Qg6 25. Rg1 Qf6 26. Qxf4 Kd7 27. Rg2 Re8
28. Rxg7+ Kd8 29. N3d4 Rhg8 30. Rag1 Ref8 31. Rxg8 Rxg8 32. Rxg8+ Kc7 33. Qxd6+
Qxd6 34. Nxd6 Kxd6 35. Rh8 Kc5 36. Rxh5+ Kb6 37. Rh6 a4 38. Rxc6+ Ka5 39. b3 a3
40. b4+ Ka4 41. Ra6# 1-0

[Event "Challenge"]
[Site "http://www.queenalice.com/game.php?id=711623"]
[Date "2010.1.10"]
[Round "-"]
[White "ymfrancois"]
[Black "viki"]
[Result "0-1"]
[WhiteElo "1855"]
[BlackElo "1879"]

1. e4 e5 2. Nf3 Nc6 3. Bc4 Bc5 4. c3 Nf6 5. d3 d6 6. h3 Be6 7. Bxe6 fxe6 8. Bg5
h6 9. Bh4 O-O 10. b4 Bb6 11. a4 a5 12. b5 Ne7 13. O-O Ng6 14. Nbd2 Nxh4 15. Nxh4
Nxe4 16. Nxe4 Qxh4 17. Qd2 d5 18. Ng3 Qxg3 19. d4 Qf4 20. Qe2 e4 21. Qe3 Qxe3
22. fxe3 Rxf1+ 23. Rxf1 Rf8 24. Rb1 e5 25. Kh2 exd4 26. cxd4 Rf2 27. Ra1 Re2 0-1